Healthy that`s me: a health education curriculum guide for head start

Gardado en:
Detalles Bibliográficos
Autor Principal: Harrison, Dorothy D (Author)
Formato: Libro
Idioma:inglés
Publicado: Washington, D.C Departament of Health, Education, and Welface 1972
Subjects:
Tags: Engadir etiqueta
Sen Etiquetas, Sexa o primeiro en etiquetar este rexistro!

MARC

LEADER 00000nam a2200000 a 4500
001 UCY1310
003 CL-VaPUC
008 940826e19720000US |||||||||||||||||eng|d
082 0 4 |a 649.1  |b HAR  |2 21 
100 0 |a Harrison, Dorothy D  |e author  |9 329261 
245 1 0 |a Healthy that`s me: a health education curriculum guide for head start 
300 |a 123 p 
942 |c BK 
945 |d 19940826 00:00:00  |a mfernand 
260 |a Washington, D.C  |b Departament of Health, Education, and Welface  |c 1972 
650 7 |a NIÑOS CUIDADO E HIGIENE  |2 CL-VaPUC  |9 329262 
583 |a last modification  |c 19940826 00:00:00  |k Rodrigo Vera 
999 |c 230055  |d 230053 
952 |0 0  |1 0  |4 0  |6 649_100000000000000_HAR_1972  |7 0  |8 P  |9 231906  |a BIBEDU  |b BIBEDU  |c BIBEDU_PB  |d 2019-11-15  |i 3003825  |o 649.1 HAR 1972  |p 3003825  |r 2024-01-25  |w 2019-11-15  |y BK  |k EDU